000 01017nam a2200229Ia 4500
001 14978
005 20260408173826.0
008 260306t2013||||xx |||||||||||||| ||spa||
041 _aESP
082 _a519.53
_bG317
100 _aGarza García, Jorge de la
_eAUT
245 0 _aAnálisis estadístico multivariante
260 _c2013
300 _axi, 712 páginas :
_c27 cm.
650 _aGEN
654 _aCII
856 _uhttps://itmsp.museknowledge.com/UCSP?url=https://www.ebooks7-24.com:443/?il=842&pg=1
_zVersión digital
856 _uhttps://0u213vo4x-y-https-ebooks7--24-com.itmsp.museknowledge.com/biblioteca.aspx
_zVéase además: Base de datos Ebook7-24
856 _uhttps://0u20fvo50-y-https-research-ebsco-com.itmsp.museknowledge.com/c/qxo6us/search
_zVéase además: Base de datos EBSCOhost
856 _uhttps://0u20vvnxk-y-https-ebookcentral-proquest-com.itmsp.museknowledge.com/lib/catolicasp/home.action
_zVéase además: Base de datos ProQuest Ebook Central
942 _cLIB
_dJUS
_fJUS
_2ddc
999 _c14978
_d14978